01177nam a2200265Ia 4500003000400000005001700004008004100021020001800062040000700080041000800087082002000095100002400115245004700139250000700186260005000193300001700243365001300260906005100273942001200324999001900336952014100355952014100496952014100637952013300778OSt20230607122510.0210423s2011 xx 000 0 und d a9788171948086 cAL aeng a657.46 DATV223 aDATEY (V S).989268 aTaxmanns indirect taxes: law and practice. a26 aNew DelhibTaxmann Publications Pvt Ltdc2011 aI-26,930bPB b525cINR aindirect ; law ; practice. ; taxes: ; Taxmanns 2ddccBK c159430d159430 001040708MCOMaSACPGbSACPGd2011-07-01eHigginbothams Pvt Ltdg525.00l0o657.46 DATVpPG005908r2022-08-24 00:00:00w2021-04-26yBK 001040708MCOMaSACPGbSACPGd2012-08-10eHigginbothams Pvt Ltdg560.00l0o657.46 DATVpPG007187r2022-08-24 00:00:00w2021-04-26yBK 001040708MCOMaSACPGbSACPGd2012-08-10eHigginbothams Pvt Ltdg560.00l0o657.46 DATVpPG007188r2022-08-24 00:00:00w2021-04-26yBK 001040708MCOMaSACPGbSACPGd2012-08-10eAthulya Booksg560.00l0o657.46 DATVpPG007189r2022-08-24 00:00:00w2021-04-26yBK